00588nam a22001457a 4500003000400000005001700004008004100021040001400062100004700076245014400123260001000267300003000277500010900307504002600416OSt20171010095440.0120608t xxu||||| |||| 00| 0 eng d aMMSUcULS aPura, Ma. Elaine U., Tabutol, Mariefel E.  aComputerized collection transaction processing system for the Municipality of Batac, Ilocos NortecMa. Elaine E. Pura, Mariefel E. Tabutol  c2007  axiii, 92 leaves c28 cm.  aThesis (BS Computer Science) -- Mariano Marcos State University-College of Arts and Sciences, Batac City aBibliography: leaf 90